Ruta y patria de Don Quijote / (Record no. 143448)

MARC details
000 -LEADER
campo de control de longitud fija 00795nam a2200205 i 4500
001 - NÚMERO DE CONTROL
campo de control 143448
003 - IDENTIFICADOR DE NÚMERO DE CONTROL
campo de control ES-MaACL
005 - FECHA Y HORA DE LA ÚLTIMA TRANSACCIÓN
campo de control 20250806063133.0
007 - CAMPO FIJO DE DESCRIPCIÓN FÍSICA--INFORMACIÓN GENERAL
campo de control de longitud fija t|
008 - DATOS DE LONGITUD FIJA--INFORMACIÓN GENERAL
campo de control de longitud fija 070214s1966 sp r ||||1| spa d
100 1# - ENTRADA PRINCIPAL--NOMBRE DE PERSONA
Nombre de persona Serrano Vicens, Ramón,
Fechas asociadas al nombre 1908-1978
9 (RLIN) 105807
245 10 - MENCIÓN DEL TÍTULO
Título Ruta y patria de Don Quijote /
Mención de responsabilidad, etc. Ramón Serrano Vicens ; dibujos de Santiago Rodríguez García.
260 ## - PUBLICACIÓN, DISTRIBUCIÓN, ETC.
Lugar de publicación, distribución, etc. Cuenca :
Nombre del editor, distribuidor, etc. Diputación Provincial,
Fecha de publicación, distribución, etc. 1966 (
Lugar de fabricación/manufactura Madrid :
Fabricante Estades)
300 ## - DESCRIPCIÓN FÍSICA
Extensión 83 p. ;
Dimensiones 24 cm +
Material acompañante/anejo 2 map. pleg.
600 14 - PUNTO DE ACCESO ADICIONAL DE MATERIA--NOMBRE DE PERSONA
Nombre de persona Cervantes Saavedra, Miguel de,
Fechas asociadas al nombre 1547-1616.
Título de la obra Don Quijote de la Mancha
9 (RLIN) 37612
700 1# - ENTRADA AGREGADA--NOMBRE PERSONAL
Nombre de persona Rodríguez García, Santiago.
9 (RLIN) 98545
710 1# - ENTRADA AGREGADA--NOMBRE DE ENTIDAD CORPORATIVA
Nombre de entidad corporativa o nombre de jurisdicción como elemento de entrada Cuenca (Provincia).
Unidad subordinada Diputación Provincial.
9 (RLIN) 3346
852 ## - LOCALIZACIÓN
Ubicación ES-MaACL
Número de control de estantería C-32254
Sublocalización o colección R.62614
Holdings
Estatus retirado Estado de pérdida Estado de daño No para préstamo Biblioteca de origen Biblioteca actual Ubicación en estantería Fecha de adquisición Fuente de adquisición Total de préstamos Signatura topográfica completa Código de barras Visto por última vez Precio de reemplazo Tipo de ítem Koha
        Biblioteca del Ateneo de Madrid Biblioteca del Ateneo de Madrid Depósito 2 17/01/2008     C-32254 1149246 23/02/2023 23/02/2023 Libro impreso